000
00317nam a2200145Ia 4500
008
151213s9999 xx 000 0 und d
020
_a
984-809034-1
100
_a
U G C
245
_a
Brochure
_c
U G C
260
_a
Dhaka
_b
U G C
_c
2006
300
_a
7322 p.
650
_a
Reference
700
_a
U G C
999
_c
3892
_d
3892